| 000 | 01147nam a2200325 a 4500 | ||
|---|---|---|---|
| 001 | 62080 | ||
| 003 | BD-RjUL | ||
| 005 | 20211209081036.0 | ||
| 008 | 170122s2004 dcua b i001 0 eng d | ||
| 020 | _a0821360000 (pbk.) | ||
| 020 | _a0821360019 | ||
| 035 | _a(BD-RjUL)62205 | ||
| 040 |
_aBD-RjUL _cBD-RjUL _dBD-RjUL _beng |
||
| 041 | _aeng | ||
| 082 | 0 | 0 |
_a320.6096 _223 _bBUI 2004 |
| 245 | 0 | 0 |
_aBuilding state capacity in Africa : _bnew approaches, emerging lessons / _cedited by Brian Levy, Sahr Kpundeh. |
| 260 |
_aWashington, DC : _bWorld Bank, _c2004. |
||
| 300 |
_axiii, 377 p. : _bill. ; _c24 cm. |
||
| 504 | _aIncludes bibliographical references and index. | ||
| 650 | 0 |
_aInfrastructure (Economics) _zAfrica. _9184682 |
|
| 651 | 0 |
_aAfrica _xPolitics and government _y1960- _9184683 |
|
| 651 | 0 |
_aAfrica _xEconomic policy. _9184684 |
|
| 651 | 0 |
_aAfrica _xEconomic conditions _y1960- _9184685 |
|
| 651 | 0 |
_aAfrica _xSocial policy. _9184686 |
|
| 700 | 1 |
_aLevy, Brian, _d1954- _9184687 |
|
| 700 | 1 |
_aKpundeh, Sahr John. _9184688 |
|
| 830 |
_aWBI development studies _9184693 |
||
| 942 |
_2ddc _cBK |
||
| 999 |
_c62080 _d62080 |
||